000 00529nam a22002057a 4500
003 koha_MIRAKIL
005 20231213100044.0
008 231213b |||||||| |||| 00| 0 ||| d
020 _b978-6-05-106060-6
040 _aTR-IsEVY
_btur
_cTR-IsEVY
082 _a320.1 EIN/B
100 _aEinstein, Albert.
245 0 _aBenim gözümden dünya = The world as I see it
250 _a7. bs.
260 _bAlfa Yayınları,
_c2015
300 _a127 s.
650 _aBilim -- Felsefe.
650 _aFizik.
942 _2ddc
_cBK
999 _c13775
_d13775